Biografía de Agustín de Hipona / (Record no. 36638)

MARC details
000 -LEADER
campo de control de longitud fija 00643nam a2200193 i 4500
001 - NÚMERO DE CONTROL
campo de control 36638
003 - IDENTIFICADOR DE NÚMERO DE CONTROL
campo de control ES-MaACL
005 - FECHA Y HORA DE LA ÚLTIMA TRANSACCIÓN
campo de control 20230906155416.0
007 - CAMPO FIJO DE DESCRIPCIÓN FÍSICA--INFORMACIÓN GENERAL
campo de control de longitud fija t|
008 - DATOS DE LONGITUD FIJA--INFORMACIÓN GENERAL
campo de control de longitud fija 030218s1970 sp ||||1| spa d
100 1# - ENTRADA PRINCIPAL--NOMBRE DE PERSONA
Nombre de persona Brown, Peter Robert Lamont.
9 (RLIN) 32019
245 10 - MENCIÓN DEL TÍTULO
Título Biografía de Agustín de Hipona /
Mención de responsabilidad, etc. Peter Brown ; traducción por Santiago Tovar y Mª Rosa Tovar.
260 ## - PUBLICACIÓN, DISTRIBUCIÓN, ETC.
Lugar de publicación, distribución, etc. Madrid :
Nombre del editor, distribuidor, etc. Revista de Occidente,
Fecha de publicación, distribución, etc. [1970]
300 ## - DESCRIPCIÓN FÍSICA
Extensión 614 p. ;
Dimensiones 18 cm.
600 04 - PUNTO DE ACCESO ADICIONAL DE MATERIA--NOMBRE DE PERSONA
Nombre de persona Agustín,
Títulos y otros términos asociados al nombre Santo, Obispo de Hipona-
Subdivisión general Biografías.
9 (RLIN) 18920
700 1# - ENTRADA AGREGADA--NOMBRE PERSONAL
Nombre de persona Tovar, Santiago.
9 (RLIN) 111174
700 1# - ENTRADA AGREGADA--NOMBRE PERSONAL
Nombre de persona Tovar, María Rosa.
9 (RLIN) 111171
852 ## - LOCALIZACIÓN
Ubicación ES-MaACL
Número de control de estantería C-40700
Holdings
Estatus retirado Estado de pérdida Estado de daño No para préstamo Biblioteca de origen Biblioteca actual Ubicación en estantería Fecha de adquisición Fuente de adquisición Total de préstamos Signatura topográfica completa Código de barras Visto por última vez Precio de reemplazo Tipo de ítem Koha
        Biblioteca del Ateneo de Madrid Biblioteca del Ateneo de Madrid Depósito 2 17/01/2008     C-40700 1038506 23/02/2023 23/02/2023 Libro impreso